000
00211 a2200097 4500
001
32582
100
_a
Grant, M
245
_a
Julins Caesar
260
_a
London
_b
Weidenfeld & Nicolson
_c
090
_c
21798
_d
21798
942
_a
NUST-CAE
_c
M
_c
13111
999
_c
267655
_d
267655